Statistics for Countries by Tourist Departures

Click here to take the quiz!

General Stats

  • This quiz has been taken 184 times
  • The average score is 16 of 20

Answer Stats

DeparturesCountry% Correct
70,250,000China
99%
58,497,000United States
98%
26,155,000France
97%
16,994,000Japan
94%
56,836,000United Kingdom
94%
29,295,000Italy
93%
13,347,000Spain
93%
30,150,000Canada
91%
13,994,000India
86%
14,799,000Mexico
86%
43,270,000Poland
85%
12,694,000South Korea
77%
18,560,000Netherlands
75%
14,651,000Sweden
75%
9,727,000Belgium
72%
9,874,000Austria
69%
19,773,000Ukraine
54%
16,634,000Hungary
51%
10,936,000Romania
48%
15,281,000Saudi Arabia
41%

Score Distribution

Percentile by Number Answered

Percent of People with Each Score

Your Score History

You have not taken this quiz